[Event "Belgrade Trophy 35th"]
[Site "Belgrade"]
[Date "2021.12.01"]
[Round "8"]
[White "Savicevic, Tijana"]
[Black "Bajic, Petar"]
[Result "0-1"]
[WhiteElo "1424"]
[BlackElo "1864"]
[PlyCount "70"]
[EventDate "2021.11.24"]
[EventType "swiss"]
[EventRounds "9"]
[EventCountry "SRB"]
[SourceTitle "EXT 2023"]
[Source "ChessBase"]
[SourceDate "2022.10.05"]
[SourceVersion "1"]
[SourceVersionDate "2022.10.05"]
[SourceQuality "1"]

1. e4 e5 2. Nf3 Nc6 3. Nc3 Bc5 4. Bc4 d6 5. d3 a6 6. h3 Nf6 7. Be3 Bxe3 8. fxe3 Na5 9. Bb3 Nxb3 10. axb3 0-0 11. 0-0 Qe7 12. Qe2 c6 13. d4 Bd7 14. Rfe1 Rae8 15. d5 c5 16. Nd2 g6 17. Na4 Qd8 18. c4 Nh5 19. g4 Ng7 20. Qg2 Kh8 21. Rf1 f5 22. Kh2 fxg4 23. hxg4 Qh4+ 24. Qh3 Qxg4 25. Qxg4 Bxg4 26. Rxf8+ Rxf8 27. Rf1 Rxf1 28. Nxf1 Nh5 29. Nb6 a5 30. Ng3 Nf6 31. Kg2 Kg7 32. Kf2 h5 33. Ne2 Nxe4+ 34. Kf1 Nd2+ 35. Kf2 Nxb3 0-1

[Event "Belgrade Trophy 35th"]
[Site "Belgrade"]
[Date "2021.11.27"]
[Round "4"]
[White "Kostic, Milutin B"]
[Black "Bajic, Petar"]
[Result "1-0"]
[WhiteElo "2133"]
[BlackElo "1864"]
[PlyCount "62"]
[EventDate "2021.11.24"]
[EventType "swiss"]
[EventRounds "9"]
[EventCountry "SRB"]
[SourceTitle "CBM 205 Extra"]
[Source "ChessBase"]
[SourceDate "2022.01.31"]
[SourceVersion "1"]
[SourceVersionDate "2022.01.31"]
[SourceQuality "1"]

1. d4 d5 2. Nf3 e6 3. c4 c6 4. Qc2 f5 5. Bg5 Nf6 6. Nc3 h6 7. Bf4 Bd6 8. Bxd6 Qxd6 9. e3 0-0 10. Be2 Nbd7 11. 0-0 Ne4 12. Rad1 Ndf6 13. Ne5 Nd7 14. f4 Nxe5 15. Nxe4 fxe4 16. fxe5 Rxf1+ 17. Rxf1 Qe7 18. Bh5 Qg5 19. Bf7+ Kh7 20. Qf2 Bd7 21. h4 Qe7 22. Qg3 g5 23. Rf6 Be8 24. hxg5 Bxf7 25. g6+ Kh8 26. gxf7 Qf8 27. Qf4 Kh7 28. Rxe6 b5 29. Qf5+ Kh8 30. Qf6+ Kh7 31. Qg6+ Kh8 1-0